[Event "Titled Tuesday intern op 24th Oct Late"]
[Site "Chess.com INT"]
[Date "2023.10.24"]
[Round "9"]
[White "Gazineu Neto, Rubens"]
[Black "Wang, Alexander J"]
[Result "0-1"]
[WhiteElo "1912"]
[BlackElo "1851"]
[PlyCount "94"]
[EventDate "2023.10.24"]
[EventType "swiss (blitz)"]
[EventRounds "11"]
[EventCountry "USA"]
[SourceTitle "Mega2024 Update 01"]
[Source "Chessbase"]
[SourceDate "2023.11.12"]
[SourceVersion "1"]
[SourceVersionDate "2023.11.12"]
[SourceQuality "1"]

1. e4 c5 2. Nf3 d6 3. d4 cxd4 4. Nxd4 Nf6 5. Nc3 g6 6. Be3 Bg7 7. Bc4 0-0 8. Bb3 Ng4 9. 0-0 Nxe3 10. fxe3 Nc6 11. Kh1 e6 12. Ndb5 Be5 13. a3 a6 14. Nd4 Bd7 15. Qd2 Qb6 16. Nf3 Bg7 17. Qxd6 Rad8 18. Qf4 Bc8 19. Rfd1 Qc5 20. Na4 Qe7 21. e5 h6 22. Nc3 g5 23. Qe4 Qc7 24. Rxd8 Rxd8 25. h3 Nxe5 26. Nxe5 Qxe5 27. Qxe5 Bxe5 28. Rd1 Rxd1+ 29. Nxd1 Bd7 30. c3 Bc6 31. Bc2 f5 32. Kg1 Kf7 33. Kf2 Ke7 34. g3 Kf6 35. g4 Bd5 36. gxf5 exf5 37. Ke2 g4 38. hxg4 fxg4 39. Nf2 h5 40. e4 Bc4+ 41. Ke3 g3 42. Nh3 Be6 43. Ng1 h4 44. Bd1 h3 45. Bf3 h2 46. Ne2 Bg4 47. Nxg3 Bxg3 0-1

[Event "Titled Tuesday intern op 26th Sep Late"]
[Site "Chess.com INT"]
[Date "2023.09.26"]
[Round "4"]
[White "Wang, Alexander J"]
[Black "Bold, Andre"]
[Result "0-1"]
[WhiteElo "1851"]
[BlackElo "2194"]
[PlyCount "62"]
[EventDate "2023.09.26"]
[EventType "swiss (blitz)"]
[EventRounds "11"]
[EventCountry "USA"]
[SourceTitle "EXT 2024"]
[Source "ChessBase"]
[SourceDate "2023.10.10"]
[SourceVersion "1"]
[SourceVersionDate "2023.10.10"]
[SourceQuality "1"]

1. e4 c6 2. d4 d5 3. f3 g6 4. Nc3 Bg7 5. Be3 dxe4 6. fxe4 Nf6 7. h3 0-0 8. Nf3 Nbd7 9. Bc4 b5 10. Bd3 b4 11. Ne2 Qc7 12. 0-0 e5 13. c3 bxc3 14. bxc3 Re8 15. Qc2 a5 16. Kh1 Ba6 17. Bxa6 Rxa6 18. dxe5 Nxe5 19. Bf4 Nh5 20. Bh2 Qe7 21. Nxe5 Bxe5 22. Nd4 Bxh2 23. Kxh2 Qe5+ 24. Kg1 c5 25. Nf3 Qxe4 26. Qxe4 Rxe4 27. Ng5 Re7 28. Rad1 Ng3 29. Rd8+ Kg7 30. Rfd1 Ne2+ 31. Kh1 Nxc3 0-1

[Event "Titled Tuesday intern op 19th Sep Late"]
[Site "Chess.com INT"]
[Date "2023.09.19"]
[Round "6"]
[White "Wang, Alexander J"]
[Black "Senft, Sean"]
[Result "0-1"]
[WhiteElo "1851"]
[BlackElo "2107"]
[PlyCount "94"]
[EventDate "2023.09.19"]
[EventType "swiss (blitz)"]
[EventRounds "11"]
[EventCountry "USA"]
[SourceTitle "EXT 2024"]
[Source "ChessBase"]
[SourceDate "2023.10.10"]
[SourceVersion "1"]
[SourceVersionDate "2023.10.10"]
[SourceQuality "1"]

1. e4 c5 2. Nf3 d6 3. d4 cxd4 4. Nxd4 Nf6 5. Nc3 a6 6. g3 e6 7. Bg2 Be7 8. 0-0 0-0 9. h3 Nbd7 10. Be3 Qc7 11. f4 Rb8 12. a4 b6 13. g4 Bb7 14. g5 Ne8 15. Nde2 Nc5 16. Ng3 Rd8 17. f5 e5 18. h4 Nd7 19. h5 d5 20. Nxd5 Bxd5 21. exd5 Bc5 22. Bxc5 Qxc5+ 23. Kh2 f6 24. g6 h6 25. Ne4 Qb4 26. b3 Nc5 27. Nxc5 bxc5 28. c4 Nd6 29. Rb1 Rb8 30. Qe1 a5 31. Bf3 Qxe1 32. Rfxe1 Nxf5 33. Bg4 Nd4 34. Re3 Rfd8 35. Bf3 Rd6 36. Bg4 Rb4 37. Bd1 Kf8 38. Rc1 Rdb6 39. Rcc3 Ke7 40. Rcd3 Kd6 41. Kg2 Rb8 42. Kf2 Rf8 43. Rg3 f5 44. Rc3 f4 45. Rh3 e4 46. Bg4 e3+ 47. Ke1 Rxb3 0-1

[Event "Titled Tuesday intern op 12th Sep Late"]
[Site "Chess.com INT"]
[Date "2023.09.12"]
[Round "3"]
[White "Krzywda, Andrzej"]
[Black "Wang, Alexander J"]
[Result "1-0"]
[WhiteElo "2210"]
[BlackElo "1851"]
[PlyCount "61"]
[EventDate "2023.09.12"]
[EventType "swiss (blitz)"]
[EventRounds "11"]
[EventCountry "USA"]
[SourceTitle "EXT 2024"]
[Source "ChessBase"]
[SourceDate "2023.10.10"]
[SourceVersion "1"]
[SourceVersionDate "2023.10.10"]
[SourceQuality "1"]

1. e4 c5 2. Nf3 d6 3. d4 cxd4 4. Nxd4 Nf6 5. Nc3 g6 6. Be3 Bg7 7. f3 0-0 8. Qd2 Nc6 9. 0-0-0 d5 10. exd5 Nxd5 11. Nxc6 bxc6 12. Bd4 Bxd4 13. Qxd4 Qb6 14. Na4 Qc7 15. g3 Bf5 16. Bd3 Bxd3 17. Rxd3 Rfd8 18. Rhd1 Rd6 19. Nc5 Nf6 20. Qf2 Rad8 21. Qe2 Rxd3 22. Rxd3 Rxd3 23. Qxd3 Nd5 24. a3 Qb6 25. Qd4 e5 26. Qc4 Kg7 27. f4 exf4 28. gxf4 Qc7 29. Qd4+ Kg8 30. Nd3 Qd6 31. c4 1-0